Quiz NBA #4 - Statistiques

Statistiques générales
  • Ce quiz a été pris 23 fois
  • Le résultat moyen est 7 sur 15
Statistiques - réponses
Hint Réponse % Correct
Quel joueur détient le record du plus grand nombre de matchs joués en NBA ? LeBron James
95%
Quelle équipe a remporté le premier titre NBA de son histoire en 2023 ? Denver Nuggets
70%
Quel joueur est surnommé “The Greek Freak” ? Giannis Antetokounmpo
65%
Quelle équipe a remporté le titre NBA en 2011 ? Dallas Mavericks
60%
Quel joueur détient le record du plus grand nombre de points inscrits sur un seul quart-temps ? Klay Thompson
55%
Quel joueur a réalisé le plus grand nombre de tirs à 3 points dans un seul match NBA ? Klay Thompson
55%
Quelle équipe NBA a été fondée sous le nom de Minneapolis Lakers ? Los Angeles Lakers
55%
Quel joueur a remporté le plus de titres NBA en tant que joueur ? Bill Russell
45%
Quel joueur détient le record du plus grand nombre de rebonds en un match NBA ? Wilt Chamberlain
45%
Quelle franchise a perdu les Finales NBA en 2018 ? Cleveland Cavaliers
40%
Quel joueur a été drafté en 1er choix en 1997 ? Tim Duncan
35%
Quel joueur détient le record du plus grand nombre de saisons jouées en NBA ? Vince Carter
25%
Quel coach NBA est célèbre pour le système du “Triangle Offense” ? Phil Jackson
20%
Quel joueur a remporté le trophée de Defensive Player of the Year 4 fois ? Dikembe Mutombo
15%
Quel joueur a réalisé le tout premier triple-double de l’histoire de la NBA ? Andy Phillip
0%
Aucun quiz correspondant
Distribution des résultats
% des personnes avec chaque résultat
Percentile par nombre de réponses
Votre historique - résultats
Vous n’avez pas pris ce quiz